000
002580000a22000970004500
100
1
_a
Quijada, Dorothy F.
245
1
0
_a
Short stories from Peru
300
_a
Vol. 84, Num. 1 (Marzo-Junio, 2004), Páginas 8-9
773
0
_t
Latin America Evangelist
942
_c
ANA
999
_c
55186
_d
55186